00340nam a2200133Ia 4500008004100000041000800041082001400049100002000063245003200083250001400115260003900129300003100168365000700199240624s9999 xx 000 0 und d aeng a658.8 KEE aKEEGAN WARREN J aGLOBAL MARKETING MANAGEMENT a(7th ed.) c2004aNew DelhibPearson Education axxv, : 617 : p. : cm. ; 24 cRS